| 000 | 01267nam a2200229Ia 4500 | ||
|---|---|---|---|
| 001 | L268-21647 | ||
| 003 | IT-CnALBA | ||
| 008 | 170116s9999||||xx |||||||||||||| ||und|| | ||
| 040 |
_aIT-CnALBA _cIT-CnALBA |
||
| 041 | _aITALIANO | ||
| 100 | _aRAVAGLIA GIOVANNI, CANONICO | ||
| 245 | 0 | _aARMONIE DIVINE. CORSO D'ISTRUZIONE RELIGIOSA PER LE SCUOLE MEDIE. VOL. I: LA FEDE. | |
| 250 | _a2a ed. | ||
| 260 |
_a TO BO CT PA _bSOCIETÀ ED. INTER. _c1926 [1° Ed.:1920 - Ed.Ling.Originale: 1920] |
||
| 300 | _a184 p. (prefazione: 5) | ||
| 500 | _aCREATO E CREATORE. PROVVIDENZA. DIO UNO E TRINO. ANGELI. UOMO. SOPRANNATURALE. CADUTA E PROMESSA DEL REDENTORE. PATRIARCHI. POPOLO ELETTO. PROFETI. INCARNAZIONE. MARIA. INFANZIA. VITA DI GESÙ. PASSIONE, MORTE E RISURREZIONE. DIVINITÀ. SPIRITO SANTO. CHIES | ||
| 501 | _aSocietà San Paolo EM - Piazza San Paolo, 14 - 12051 ALBA (CN) (non commercial uses only) ® Copyright 2017 | ||
| 520 | _aCREATO E CREATORE. PROVVIDENZA. DIO UNO E TRINO. ANGELI. UOMO. SOPRANNATURALE. CADUTA E PROMESSA DEL REDENTORE. PATRIARCHI. POPOLO ELETTO. PROFETI. INCARNAZIONE. MARIA. INFANZIA. VITA DI GESÙ. PASSIONE, MORTE E RISURREZIONE. DIVINITÀ. SPIRITO SANTO. CHIES | ||
| 650 | _aCATECHESI | ||
| 942 | _cBK | ||
| 957 | _71 | ||
| 999 |
_a26389 _bSI _g Copie: 1 _c280751 _d280751 |
||